Statistics for Countries Closest to North Macedonia - 30 Second Sprint

Click here to take the quiz!

General Stats

  • This quiz has been taken 47 times
  • The average score is 12 of 20

Answer Stats

kmcountry% Correct
0Greece
97%
0Albania
90%
0Serbia
90%
0Bulgaria
87%
0Kosovo
87%
274Turkey
87%
179Croatia
84%
79Montenegro
84%
169Romania
68%
183Bosnia and
Herzegovina
65%
577Slovenia
65%
434Hungary
58%
204Italy
52%
739Poland
35%
648Slovakia
35%
635Austria
32%
577Moldova
29%
575Ukraine
26%
666Vatican City
19%
695San Marino
13%

Score Distribution

Percentile by Number Answered

Percent of People with Each Score

Your Score History

You have not taken this quiz